100 Greatest Britons - Statistics

General Stats
  • This quiz has been taken 91 times
  • The average score is 23 of 100
Answer Stats
Hint Answer % Correct
7 Queen Elizabeth I
100%
61 Queen Mother Queen Elizabeth
100%
1 Prime Minister Winston Churchill
100%
18 Queen Queen Victoria
86%
4 Evolutionary Charles Darwin
82%
16 Prime Minister Margaret Thatcher
81%
3 Princess Princess Diana
79%
79 Prime Minister David Lloyd George
69%
5 Poet/Author William Shakespeare
65%
6 Mathematician Isaac Newton
63%
8 Musician John Lennon
63%
52 Nurse Florence Nightingale
58%
67 Prime Minister Tony Blair
58%
72 King Henry V
54%
12 Explorer James Cook
54%
82 King Richard III
54%
15 Waterloo General Duke of Wellington
51%
33 Footballer David Beckham
50%
19 Singer Paul McCartney
50%
25 Astrophysicist Stephen Hawking
46%
49 Explorer Francis Drake
45%
40 King Henry VIII
44%
41 Author Charles Dickens
37%
74 Scottish King Robert the Bruce
37%
93 Explorer Walter Raleigh
37%
86 Singer (Irish) Bono
36%
57 Inventor Alexander Graham Bell
35%
20 Chemist Alexander Fleming
33%
70 Author Jane Austen
33%
37 Philosopher Thomas More
33%
58 Singer Freddie Mercury
32%
62 Singer George Harrison
32%
10 Politician Oliver Cromwell
31%
48 Scottish Knight William Wallace
31%
24 Queen Elizabeth II
29%
88 WWII General Bernard Montgomery
28%
69 Footballer Bobby Moore
28%
84 Inventor James Watt
28%
83 Author J K Rowling
28%
51 Mythical King King Arthur
27%
21 Mathematician Alan Turing
26%
29 Singer David Bowie
22%
94 King Edward I
22%
96 Actor Richard Burton
21%
22 Physicist Michael Faraday
19%
85 Entrepreneur Richard Branson
19%
66 Actor Charlie Chaplin
17%
90 King Henry II
17%
77 Singer Robbie Williams
15%
81 Poet Geoffrey Chaucer
14%
92 Author J R R Tolkien
14%
35 Queen Boudica
12%
63 Biologist David Attenborough
12%
59 Actress Julie Andrews
9%
13 Founder of Scouting Robert Baden-Powell
6%
30 Activist Guy Fawkes
5%
100 Birth Control Activist Marie Stopes
5%
53 Soldier T E Lawrence
5%
56 Singer Cliff Richard
4%
89 Speed Record Breaker Donald Campbell
4%
2 Civil Engineer Isambard Brunel
4%
23 Welsh Ruler Owain Glyndwr
4%
34 Philosopher Thomas Paine
4%
73 Occultist Aleister Crowley
3%
75 Singer/Activist Bob Geldof
3%
46 Singer Boy George
3%
98 Explorer David Livingston
3%
55 Politician Enoch Powell
3%
65 Civil Engineer George Stephenson
3%
43 Radio Presenter John Peel
3%
36 Rower Steve Redgrave
3%
47 Aviator Douglas Bader
1%
11 Explorer Ernest Shackleton
1%
42 Inventor Frank Whittle
1%
9 Naval Commander Horation Nelson
1%
50 Religious Leader John Wesley
1%
17 Actor Michael Crawford
1%
54 Explorer Robert Scott
1%
99 Inventor Tim Berners-Lee
1%
97 Politician Tony Benn
1%
68 Printer William Caxton
1%
28 Politician William Wilberforce
1%
45 Politician Aneurin Bevan
0%
95 Inventor Barnes Wallis
0%
80 Mathematician Charles Babbage
0%
60 Composer Edward Elgar
0%
78 Physician Edward Jenner
0%
27 Activist Emmeline Pankhurst
0%
32 Comedian Eric Morecombe
0%
64 Politician James Connolly
0%
91 Physicist James Maxwell
0%
44 Inventor John Baird
0%
39 Marine Chronometer Inventor John Harrison
0%
87 Singer John Lydon
0%
14 King King Alfred
0%
31 Pilot Leonard Cheshire
0%
76 Soldier The Unknown Warrior
0%
38 Poet William Blake
0%
71 Salvation Army Founder William Booth
0%
26 Scholar William Tyndale
0%
No matching quizzes found
Score Distribution
Percent of People with Each Score
Percentile by Number Answered
Your Score History
You have not taken this quiz